000
00212 a2200097 4500
001
42023
100
_a
Sheikh Mubarik Ali
245
_a
Moaashiat
260
_a
_b
Kefait Academy Karachi
_c
090
_c
26064
_d
26064
942
_a
NUST-CAE
_c
M
_c
17852
999
_c
277096
_d
277096